000 00683nam a22001937a 4500
003 OSt
005 20250808075345.0
008 240524b |||||||| |||| 00| 0 eng d
020 _a9786214271627
040 _aDWC-Main Lib.
_cOC
082 _aFil. 658.4038 P788f 2023
100 _aPomperada, Jake R.
245 _aFundamentals of information management /
_cJake R. Pomperada
260 _aIntramuros, Manila, Philippines :
_bUnlimited Books Library Services and Publishing Inc.,
_cc2023.
300 _axii, 123 pages :
_cillustrations ; 26cm.
_b26cm.
504 _aIncludes bibliographical references.
650 _a1. Management information system
942 _2ddc
_cBK - FIL
_kFil.
_n0
999 _c49
_d49